По тропам срединной азии (Бичлэгийн дугаар. 1155335)
[ энгийн харах ]
| 000 -Удирдлага | |
|---|---|
| Ном зүйн бүртгэл тоо буюу кодлох утгыг агуулсан | 02211nam a22002537a 4500 |
| 003 - ХЯНАЛТЫН ТОО ТОДОРХОЙЛОГЧ | |
| Код | MN-UlNLM |
| 005 - ХАМГИЙН СҮҮЛИЙН ҮЕИЙН ХЭЛЦЛИЙН ОГНОО БА ЦАГ | |
| Тухайн бичилтийг бичсэн засварласан сүүлийн огноо. | 20250129154545.0 |
| 008 - ЕРӨНХИЙ МЭДЭЭЛЭЛ-ЭЛЕМЕНТҮҮДИЙН ӨГӨГДЛИЙН УРТ | |
| fixed length control field | 250129s1982 rur||||| |||| 00| 0 rus d |
| 040 ## - ЭХ СУРВАЛЖИЙГ ТОДОРХОЙЛОН БИЧИХ | |
| Анхны каталогийн байгууллага | UB01000001 |
| Каталогийн хэл | Монгол |
| Бичлэг хийж нэвтрүүлэх байгууллага | MN-UlNLM |
| Өөрчлүүлэх байгууллага | MN-UlNLM |
| Бичиглэлийн тодорхойлолт | rda |
| 041 0# - ХЭЛНИЙ КОД | |
| Текстийн хэлний код/фонограм буюу салангид гарчиг | Орос |
| 084 ## - БУСАД АНГИЛЛЫН ДУГААР | |
| Ангиллын нэр | Аравтын ангилал |
| Анги | 75 |
| Зохиогчийн 3-н тэмдэгт | Р 42 |
| Шинжлэх ухааны мэдлэгийн салбар | Урлаг - 85 |
| 100 1# - ЗОХИОГЧИЙН ХЭСЭГ | |
| Зохиогчийн нэр | Рерих, Ю.Н. |
| Хүүрнэгчийн нөхцөлүүд | Зохиолч |
| 245 1# - ҮНДСЭН ГАРЧИГ | |
| Гарчиг | По тропам срединной азии |
| Оролцогчдын тухай мэдээ | Редактор: В.С. Шевченко |
| 264 #1 - ГАРАЛТЫН МЭДЭЭ | |
| Хэвлэгдсэн газар | Москва |
| Бүтээгч, хэвлэгч, түгээгч, үйлдвэрлэгчийн нэр | Хабаровск:Кн.изд |
| Хэвлэгдсэн он | 1982 |
| 300 ## - ТООНЫ МЭДЭЭ | |
| Хуудасны тоо | 304 хуудастай |
| 505 ## - FORMATTED CONTENTS NOTE | |
| Title | Академик А.П. Окладников, В.Е. Ларичев. Предисловие-5-- |
| -- | В.Е. Ларичев. Слово о Юрии Николаевикче Рерих-11-- |
| -- | От автора-29-- |
| -- | Кашмир-Ладак-31-- |
| -- | Из Леха в Хотан. Великий каракорумский путь-46-- |
| -- | Урумчи и Джунгария-96-- |
| -- | Хотан-61-- |
| -- | Хотан-Кашгар-75-- |
| -- | Великий северный путь в Урумчи-84-- |
| -- | Монголия-103-- |
| -- | Подготовка к путешествию-121-- |
| -- | Улан-Батор-Юм-бэйсэ-126-- |
| -- | По юго-западной Гоби-137-- |
| -- | Воинственный Джа-лама-148-- |
| -- | Среди цайдамских монголов-156-- |
| -- | Через Цайдам-168-- |
| -- | Великое Тибетское нагорье-176-- |
| 520 ## - ХУРААНГУЙ МЭДЭЭ, ТОВЧ АГУУЛГА | |
| Эмхэтгэл, г.м | Первая публикацияя на русском языке путевых записок Ю.Н. Рериха, участника Центральнозиатской экспедиции (1923-1928) выдающегося русского художника Н.К. Рериха. Книга Ю. Н. Рериха хорошо дополняет книгу его отца <<Алтай-Гималаи>> изданную в Москве в 1974 г., а также <<Из литературного наследия>> (М.,1974). |
| 546 ## - ХЭЛНИЙ ТУХАЙ МЭДЭЭ | |
| Хэл | rus |
| Хэлний код эсвэл цагаан толгой | Кирилл |
| 650 #4 - Сэдэв | |
| Сэдэв | Урлаг (Уран зураг) |
| 651 #4 - ГАЗАРЗҮЙН БАЙРШИЛ | |
| Байршлийн нэр | Москва (Орос) |
| 880 1# - ALTERNATE GRAPHIC REPRESENTATION | |
| Linkage | 245-01(N |
| a | Po tropam sredinnoi azii |
| c | Redaktor: V.S. Shevchenko |
| 880 #1 - ALTERNATE GRAPHIC REPRESENTATION | |
| Linkage | 264-02(N |
| a | Moskva |
| b | Khabarovsk |
| c | 1982 |
| 942 ## - ЭЛЕМЕНТИЙН ТӨРӨЛ | |
| Анги | Аравтын ангилал |
| Төрөл | Ном |
| Буцаан татагдсан төлөв | Хасагдсан шалтгаан | Гэмтсэн төлөв | Данс заагч | Захиалах боломжгүй | Үндсэн номын сан | Одоогийн байршил | Салбар танхим | Салбар танхим | Бүртгэсэн огноо | Бүрдүүлэлтийн эх үүсвэр | Тавиурын заалт | Баркод | Үнэ | Хамгийн сүүлд байсан огноо | Нийт уншлаганд гарсан тоо | Дансны дугаар | Ангиллын нэр | Төрөл |
|---|---|---|---|---|---|---|---|---|---|---|---|---|---|---|---|---|---|---|
| МУҮндэсний Номын сан | МУҮндэсний Номын сан | МУҮНС төв | Монгол судлал фонд | МУҮНС төв | Монгол судлал фонд | 2025-01-29 | Солилцоо | 75 Р 42 | 002220010474 | 7.50 | 2025-01-29 | 10474 | Аравтын ангилал | Ном |